[Event "Bergen Autumn op-A"]
[Site "Bergen"]
[Date "2020.10.27"]
[Round "4"]
[White "Gronnestad, Anita"]
[Black "Sviland, Atle"]
[Result "1-0"]
[WhiteElo "1940"]
[BlackElo "1713"]
[PlyCount "89"]
[EventDate "2020.09.08"]
[EventType "swiss"]
[EventRounds "6"]
[EventCountry "NOR"]
[SourceTitle "EXT 2024"]
[Source "ChessBase"]
[SourceDate "2023.10.10"]
[SourceVersion "1"]
[SourceVersionDate "2023.10.10"]
[SourceQuality "1"]

1. d4 f5 2. Bg5 g6 3. c4 Bg7 4. Nc3 Nf6 5. e3 0-0 6. Bd3 b6 7. Nge2 Bb7 8. 0-0 Qe8 9. a3 d6 10. Nb5 Na6 11. d5 e5 12. dxe6 Qxe6 13. Nf4 Qd7 14. b4 Ne4 15. Bxe4 Bxe4 16. Nd4 Rfe8 17. Nd5 c5 18. bxc5 bxc5 19. Nb5 Bxa1 20. Nxd6 Qg7 21. Nxe8 Rxe8 22. Qxa1 Bxd5 23. cxd5 Qd7 24. Bh6 Nc7 25. Rc1 Na6 26. Qf6 Nc7 27. Rxc5 Ne6 28. Rc1 Qxd5 29. h3 Qd2 30. Rc7 Qd1+ 31. Kh2 Qd6+ 32. Bf4 Qf8 33. Qxf8+ Rxf8 34. Rxa7 Nxf4 35. exf4 Rc8 36. a4 Rc2 37. Kg3 Rc4 38. a5 Ra4 39. a6 h6 40. h4 Ra3+ 41. f3 Ra4 42. h5 gxh5 43. Kh4 Rxf4+ 44. Kxh5 Rc4 45. Rb7 1-0

[Event "Bergen Autumn op-A"]
[Site "Bergen"]
[Date "2020.09.08"]
[Round "1"]
[White "Solli, Jarle"]
[Black "Sviland, Atle"]
[Result "0-1"]
[WhiteElo "1684"]
[BlackElo "1713"]
[PlyCount "113"]
[EventDate "2020.09.08"]
[EventType "swiss"]
[EventRounds "6"]
[EventCountry "NOR"]
[SourceTitle "EXT 2024"]
[Source "ChessBase"]
[SourceDate "2023.10.10"]
[SourceVersion "1"]
[SourceVersionDate "2023.10.10"]
[SourceQuality "1"]

1. d4 f5 2. Bf4 Nf6 3. c4 e6 4. Nc3 Be7 5. h3 0-0 6. Nf3 d6 7. Qc2 Qe8 8. 0-0-0 Qg6 9. e3 Ne4 10. g4 Nxc3 11. Qxc3 Nd7 12. Bd3 Nf6 13. gxf5 Qh5 14. Nd2 exf5 15. Rdg1 Qf7 16. Rg2 Nh5 17. Bg5 Bd7 18. Rhg1 g6 19. Qc2 Ng7 20. f3 Rae8 21. Bxe7 Rxe7 22. e4 fxe4 23. fxe4 Nh5 24. e5 Bf5 25. Rf2 Ng7 26. Rgf1 dxe5 27. d5 Ree8 28. Ne4 Qe7 29. c5 Bxe4 30. Bxe4 Rxf2 31. Qxf2 Rf8 32. Qxf8+ Qxf8 33. Rxf8+ Kxf8 34. b4 Ke7 35. a4 Nh5 36. Kd2 Nf6 37. Ke3 g5 38. Bf3 h6 39. Kd3 h5 40. Kc4 g4 41. hxg4 hxg4 42. Bg2 Nh5 43. d6+ cxd6 44. Bxb7 dxc5 45. Kxc5 g3 46. b5 Nf6 47. Bg2 Kd7 48. b6 axb6+ 49. Kxb6 e4 50. a5 e3 51. a6 e2 52. a7 e1Q 53. Bc6+ Kd6 54. a8Q Qb4+ 55. Bb5 Nd5+ 56. Ka7 Qc5+ 57. Ka6 0-1